000 01170nam 22001813 4500
001 32625
090 _a32625
100 _a20260324d2025 u||y0engy50 ba
101 _aeng
102 _aPT
200 _aEcology, environment, ecosystem: a Historical account from the perspective of the field-statio-movement in aquatic biomes, between countries and the Anglo-American world (1890-1950)
_bTese de doutoramento
_bDoutoramento em História e Filosofia das Ciências
_fPier Luigi Pireddu
210 _aPortugal, Lisboa
_cUniversidade de Lisboa, Faculdade de Ciências
_d2025
215 _a333 p.
_cil. color.
_d30 cm
300 _aNota: Tese para obtenção de grau de doutor
328 _aAutor, Pier Luigi Pireddu Professor orientador: Ana Duarte Rodrigues
330 _aA dissertação traça o surgimento e a evolução das ciências ecológicas aquáticas de 1890 a 1950, através de pesquisa de campo. A segunda metade do século XIX é interpretada como o momento-chave para traçar origens da disciplina ecológica em geral.
606 _aHistória da Ecologia
_xMovimento de estações de campo
_xLimnologia
_xOceanografia
_xBiologia marinha
700 _aPireddu
_bPier Luigi